[Event "Wch U10"]
[Site "Montesilvano"]
[Date "2024.11.24"]
[Round "9"]
[White "Ilko Toth, Andras"]
[Black "Tulegen, Ramazan"]
[Result "0-1"]
[WhiteElo "2115"]
[BlackElo "1818"]
[PlyCount "110"]
[EventDate "2024.11.15"]
[EventType "swiss"]
[EventRounds "11"]
[EventCountry "ITA"]
[SourceTitle "CB48_2024"]
[SourceDate "2024.11.28"]
[SourceVersion "1"]
[SourceVersionDate "2024.11.28"]
[SourceQuality "1"]

1. d4 Nf6 2. Nf3 c5 3. d5 g6 4. Nc3 Bg7 5. e4 d6 6. Bc4 0-0 7. h3 b5 8. Bxb5 Nxe4 9. Nxe4 Qa5+ 10. Nc3 Bxc3+ 11. bxc3 Qxb5 12. Qd3 Ba6 13. Qxb5 Bxb5 14. Bh6 Re8 15. Nd2 Nd7 16. a4 Ba6 17. a5 Rab8 18. Bf4 Nf6 19. c4 e6 20. 0-0-0 e5 21. Bg5 Kg7 22. c3 h6 23. Be3 Bc8 24. g4 g5 25. f3 Kg6 26. Kc2 Bd7 27. Ra1 h5 28. Rhb1 hxg4 29. hxg4 Rxb1 30. Rxb1 e4 31. Nxe4 Nxe4 32. fxe4 Rxe4 33. Rb7 Bxg4 34. Kd2 f5 35. Rxa7 f4 36. Bg1 Re2+ 37. Kc1 Re1+ 38. Kb2 Rxg1 39. a6 f3 40. Rg7+ Kxg7 41. a7 f2 42. a8Q f1Q 43. Qb7+ Qf7 44. Qxf7+ Kxf7 45. Kb3 Rg2 46. Ka4 Rb2 47. Ka3 Rb6 48. Ka4 Bd7+ 49. Ka5 Rb1 50. Ka6 g4 51. Ka5 g3 52. Ka6 g2 53. Ka5 g1Q 54. Ka6 Qc1 55. Ka5 Qa3# 0-1

[Event "Wch U10"]
[Site "Montesilvano"]
[Date "2024.11.23"]
[Round "8"]
[White "Zabelin, Platon"]
[Black "Ilko Toth, Andras"]
[Result "1/2-1/2"]
[WhiteElo "1870"]
[BlackElo "2115"]
[PlyCount "102"]
[EventDate "2024.11.15"]
[EventType "swiss"]
[EventRounds "11"]
[EventCountry "ITA"]
[SourceTitle "CB48_2024"]
[SourceDate "2024.11.28"]
[SourceVersion "1"]
[SourceVersionDate "2024.11.28"]
[SourceQuality "1"]

1. d4 d5 2. c4 e6 3. Nf3 a6 4. Bg5 Be7 5. Bxe7 Nxe7 6. Nbd2 0-0 7. g3 Nd7 8. Bg2 b6 9. 0-0 Bb7 10. Rc1 Rb8 11. Re1 c5 12. e4 dxe4 13. Nxe4 Bxe4 14. Rxe4 Nf6 15. Re3 Nf5 16. Rd3 Nxd4 17. Nxd4 cxd4 18. Rxd4 Qe7 19. Qd2 h6 20. b3 Rfc8 21. h3 Rc7 22. Rd1 a5 23. Rd8+ Rxd8 24. Qxd8+ Qxd8 25. Rxd8+ Kh7 26. Rd6 Nd7 27. a3 g6 28. b4 Kg7 29. c5 axb4 30. cxb6 Rc1+ 31. Kh2 bxa3 32. Rxd7 a2 33. b7 Rb1 34. b8Q Rxb8 35. Ra7 Rb2 36. f4 Kf6 37. g4 g5 38. fxg5+ hxg5 39. Ra5 Ke7 40. Kg3 Kd6 41. Be4 Kc7 42. Ra6 Kd7 43. h4 Rb3+ 44. Kg2 gxh4 45. Rxa2 Rg3+ 46. Kf2 Rxg4 47. Ra7+ Ke8 48. Bf3 Rf4 49. Ke3 Rf6 50. Ra8+ Ke7 51. Rh8 Rf5 1/2-1/2

[Event "EU-chT U12"]
[Site "Rhodes"]
[Date "2024.06.27"]
[Round "7"]
[White "Ilko Toth, Andras"]
[Black "Rusu, Lucas"]
[Result "1/2-1/2"]
[WhiteElo "1920"]
[BlackElo "1887"]
[PlyCount "79"]
[EventDate "2024.06.21"]
[EventType "team-swiss"]
[EventRounds "7"]
[EventCountry "GRE"]
[SourceTitle "CBM 221 Extra"]
[Source "ChessBase"]
[SourceDate "2024.09.30"]
[SourceVersion "1"]
[SourceVersionDate "2024.09.30"]
[SourceQuality "1"]
[WhiteTeam "Hungary U12"]
[BlackTeam "Romania U12"]
[WhiteTeamCountry "HUN"]
[BlackTeamCountry "ROU"]

1. d4 Nf6 2. Nf3 g6 3. g3 Bg7 4. Bg2 d5 5. 0-0 0-0 6. Bf4 c6 7. Nbd2 Bf5 8. h3 Qb6 9. a4 Qxb2 10. Rb1 Qxc2 11. Rxb7 Qxd1 12. Rxd1 Nbd7 13. Rc1 Rfc8 14. g4 Be6 15. Ng5 Nf8 16. Nb3 h6 17. Nxe6 Nxe6 18. Be5 Kf8 19. e3 Nd8 20. Rc7 Ne8 21. Bxg7+ Nxg7 22. Rxc8 Rxc8 23. Bxd5 Ke8 24. Bf3 e6 25. Na5 Kd7 26. e4 e5 27. dxe5 Rb8 28. Rd1+ Kc7 29. Be2 Nge6 30. Nc4 Rb4 31. a5 Nf4 32. Bf1 Nfe6 33. Nd6 Rd4 34. Rc1 Kd7 35. f3 Rd2 36. Nc4 Ra2 37. Rd1+ Ke7 38. Rd2 Ra1 39. Kf2 Nb7 40. Rc2 1/2-1/2

[Event "EU-chT U12"]
[Site "Rhodes"]
[Date "2024.06.26"]
[Round "6"]
[White "Gibala, Adam"]
[Black "Ilko Toth, Andras"]
[Result "1-0"]
[WhiteElo "2123"]
[BlackElo "1920"]
[PlyCount "91"]
[EventDate "2024.06.21"]
[EventType "team-swiss"]
[EventRounds "7"]
[EventCountry "GRE"]
[SourceTitle "CBM 221 Extra"]
[Source "ChessBase"]
[SourceDate "2024.09.30"]
[SourceVersion "1"]
[SourceVersionDate "2024.09.30"]
[SourceQuality "1"]
[WhiteTeam "Poland U12"]
[BlackTeam "Hungary U12"]
[WhiteTeamCountry "POL"]
[BlackTeamCountry "HUN"]

1. e4 c6 2. d4 d5 3. f3 Qb6 4. Nc3 dxe4 5. fxe4 e5 6. dxe5 Be6 7. Nf3 Nd7 8. Bd3 Ne7 9. Qe2 Ng6 10. Bd2 Ndxe5 11. 0-0-0 Nxf3 12. gxf3 Qc7 13. Nd5 Qd8 14. f4 Ne7 15. Nc3 Qc7 16. f5 Bd7 17. Qf2 b5 18. f6 gxf6 19. Qxf6 Rg8 20. Rhf1 Be6 21. a3 Bg7 22. Qf2 Qb7 23. Ne2 0-0-0 24. Nf4 Ng6 25. Nxe6 fxe6 26. Bb4 Bd4 27. Qf7 Qd7 28. a4 a6 29. Ba3 Ne5 30. Qh5 Rg6 31. Kb1 Qg7 32. c3 Bxc3 33. Bc2 Bd4 34. Bb3 Qd7 35. Bc5 Bxc5 36. Rxd7 Nxd7 37. Qxh7 Rg2 38. Qh3 Re2 39. Qd3 Re3 40. Qc2 Re8 41. Ba2 b4 42. Bc4 a5 43. Rf7 Re1+ 44. Ka2 Re7 45. Rxe7 Bxe7 46. Bxe6 1-0

[Event "EU-chT U12"]
[Site "Rhodes"]
[Date "2024.06.25"]
[Round "5"]
[White "Skarlovnik, Aljaz"]
[Black "Ilko Toth, Andras"]
[Result "0-1"]
[WhiteElo "1693"]
[BlackElo "1920"]
[PlyCount "72"]
[EventDate "2024.06.21"]
[EventType "team-swiss"]
[EventRounds "7"]
[EventCountry "GRE"]
[SourceTitle "CBM 221 Extra"]
[Source "ChessBase"]
[SourceDate "2024.09.30"]
[SourceVersion "1"]
[SourceVersionDate "2024.09.30"]
[SourceQuality "1"]
[WhiteTeam "Slovenia U12"]
[BlackTeam "Hungary U12"]
[WhiteTeamCountry "SLO"]
[BlackTeamCountry "HUN"]

1. c4 e6 2. g3 d5 3. b3 Nf6 4. Bg2 Be7 5. Nf3 0-0 6. Bb2 Nbd7 7. 0-0 c5 8. d3 b6 9. Nbd2 Bb7 10. Re1 Qc7 11. e4 dxe4 12. dxe4 Rfd8 13. Qc2 Nf8 14. Rad1 N6d7 15. h3 Bc6 16. Nh2 Ne5 17. Bxe5 Qxe5 18. Ng4 Qc7 19. f4 Rac8 20. Nf2 Ng6 21. Nf1 Qb7 22. Ne3 h5 23. f5 Ne5 24. g4 h4 25. Nd5 Bd6 26. Nf4 Nf3+ 27. Bxf3 Bxf4 28. Nd3 Bg3 29. Re2 Rd4 30. Nf2 Rcd8 31. Rxd4 Rxd4 32. Rd2 Be5 33. Rxd4 Bxd4 34. Qd3 Qc7 35. Bg2 Qg3 36. Qe2 Bxe4 0-1

[Event "EU-chT U12"]
[Site "Rhodes"]
[Date "2024.06.23"]
[Round "3"]
[White "Korchevskyi, Volodymyr"]
[Black "Ilko Toth, Andras"]
[Result "0-1"]
[WhiteElo "1712"]
[BlackElo "1920"]
[PlyCount "80"]
[EventDate "2024.06.21"]
[EventType "team-swiss"]
[EventRounds "7"]
[EventCountry "GRE"]
[SourceTitle "CBM 221 Extra"]
[Source "ChessBase"]
[SourceDate "2024.09.30"]
[SourceVersion "1"]
[SourceVersionDate "2024.09.30"]
[SourceQuality "1"]
[WhiteTeam "Ukraine U12"]
[BlackTeam "Hungary U12"]
[WhiteTeamCountry "UKR"]
[BlackTeamCountry "HUN"]

1. d4 d5 2. Nc3 Nf6 3. Bf4 Bf5 4. e3 e6 5. Nf3 c6 6. Bd3 Bg6 7. Qe2 Bb4 8. a3 Bxc3+ 9. bxc3 Qa5 10. 0-0 Qxc3 11. Rab1 b5 12. Bxg6 hxg6 13. a4 a6 14. Bd6 Ne4 15. Bb4 Qc4 16. Qxc4 dxc4 17. axb5 cxb5 18. Ne5 Nd7 19. f3 Nef6 20. Rfd1 Nxe5 21. dxe5 Nd5 22. Bd2 0-0-0 23. e4 Ne7 24. Bg5 Rxd1+ 25. Rxd1 Nc6 26. c3 Kc7 27. f4 a5 28. f5 gxf5 29. exf5 b4 30. cxb4 axb4 31. fxe6 fxe6 32. Rf1 Rb8 33. Be3 Nd8 34. Rf4 c3 35. Rc4+ Kd7 36. Bc1 Nc6 37. Rc5 Ra8 38. Be3 b3 39. Rxc3 b2 40. Rd3+ Ke8 0-1

[Event "HUN-chT2 Erkel 2324"]
[Site "Hunagry"]
[Date "2023.12.10"]
[Round "3.11"]
[White "Haaz, Gabor Istvan"]
[Black "Ilko Toth, Andras"]
[Result "0-1"]
[WhiteElo "1423"]
[BlackElo "1902"]
[PlyCount "160"]
[EventDate "2023.10.08"]
[EventType "team-tourn"]
[EventRounds "9"]
[EventCountry "HUN"]
[SourceTitle "EXT 2025"]
[Source "ChessBase"]
[SourceDate "2024.10.14"]
[SourceVersion "1"]
[SourceVersionDate "2024.10.14"]
[SourceQuality "1"]
[WhiteTeam "Godolloi SBE"]
[BlackTeam "TFSE"]
[WhiteTeamCountry "HUN"]
[BlackTeamCountry "HUN"]

1. e4 c5 2. Nf3 e6 3. d4 cxd4 4. Nxd4 a6 5. Nc3 Qc7 6. Be3 Nf6 7. Bd3 Bb4 8. Bd2 b5 9. 0-0 Be7 10. Qf3 d6 11. a3 Nbd7 12. Rfe1 Bb7 13. Qg3 Ne5 14. Kh1 Nxd3 15. Qxd3 0-0 16. Qg3 Kh8 17. f4 Qc4 18. Qd3 Rac8 19. h3 Nd7 20. Qxc4 Rxc4 21. Nf3 Rfc8 22. Rad1 Nf6 23. e5 Nd5 24. Nxd5 Bxd5 25. c3 Kg8 26. Nd4 dxe5 27. fxe5 R4c7 28. Bf4 h6 29. Ne2 Rc4 30. Nd4 R4c7 31. Kh2 Bc5 32. Kh1 Rb7 33. Be3 Ba7 34. Ra1 a5 35. Nc2 Bb3 36. Bxa7 Bxc2 37. Bd4 Bb3 38. Kg1 Bd5 39. Kf2 Rc6 40. Kg1 Rc4 41. Kh1 b4 42. axb4 axb4 43. Ra4 bxc3 44. Rxc4 Bxc4 45. Bxc3 Bd5 46. Rf1 Kh7 47. Kh2 Kg6 48. Kg3 Rd7 49. Rf2 Bc6 50. Kh2 Rd3 51. Kg1 Bd5 52. Kh2 h5 53. Rf4 Re3 54. Rf1 Be4 55. Rf2 Bf5 56. Rd2 h4 57. Rf2 Kh5 58. Rd2 g5 59. Rd8 Be4 60. Rh8+ Kg6 61. Rd8 Bd5 62. Rg8+ Kh6 63. Rxg5 Kxg5 64. Bd2 Kf4 65. Bxe3+ Kxe3 66. g3 hxg3+ 67. Kxg3 Ke4 68. Kg4 Kxe5 69. h4 Kf6 70. b4 Kg7 71. Kg5 f6+ 72. Kf4 Kh6 73. Kg4 f5+ 74. Kf4 Kh5 75. Kg3 e5 76. b5 f4+ 77. Kf2 Kxh4 78. Ke2 Kg3 79. Kf1 Bc4+ 80. Ke1 Bxb5 0-1

[Event "HUN-chT2 Erkel 2324"]
[Site "Hunagry"]
[Date "2023.10.29"]
[Round "2.11"]
[White "Ilko Toth, Andras"]
[Black "Sass, Oscar"]
[Result "1/2-1/2"]
[WhiteElo "1902"]
[BlackElo "1792"]
[PlyCount "126"]
[EventDate "2023.10.08"]
[EventType "team-tourn"]
[EventRounds "9"]
[EventCountry "HUN"]
[SourceTitle "EXT 2025"]
[Source "ChessBase"]
[SourceDate "2024.10.14"]
[SourceVersion "1"]
[SourceVersionDate "2024.10.14"]
[SourceQuality "1"]
[WhiteTeam "TFSE"]
[BlackTeam "EUTender Sinus"]
[WhiteTeamCountry "HUN"]
[BlackTeamCountry "HUN"]

1. Nf3 d5 2. b3 Nf6 3. Bb2 c5 4. e3 Nc6 5. Bb5 Bg4 6. Bxc6+ bxc6 7. d3 e6 8. Nbd2 Bd6 9. h3 Bh5 10. 0-0 0-0 11. Qe1 Bxf3 12. Nxf3 Nd7 13. e4 Re8 14. d4 cxd4 15. Nxd4 c5 16. Nf3 Qc7 17. Rd1 Ne5 18. Bxe5 Bxe5 19. Nxe5 Qxe5 20. exd5 exd5 21. Qa5 Qd6 22. Rd3 Qb6 23. Qxb6 axb6 24. Rxd5 Rxa2 25. Rd6 Rxc2 26. Rxb6 g6 27. Rf6 Rc3 28. Rf3 Rxf3 29. gxf3 Rb8 30. Rc1 Rxb3 31. Rxc5 Rxf3 32. Kg2 Rd3 33. f4 Kg7 34. Rc6 Kh6 35. Rc5 Kg7 36. Rc6 h6 37. Rb6 g5 38. fxg5 hxg5 39. Rb7 Kg6 40. Rb6+ f6 41. Rc6 Re3 42. Rc8 Kf5 43. Rc4 Re4 44. Rc6 Ke5 45. Rc5+ Kf4 46. Kf2 Rb4 47. Rc2 f5 48. Re2 Rb3 49. Kg2 Rg3+ 50. Kh2 Re3 51. Rf2+ Ke4 52. Rg2 Kf4 53. Rf2+ Ke5 54. Rg2 Kf6 55. Ra2 f4 56. Kg2 Kf5 57. Ra5+ Re5 58. Ra2 Rd5 59. Rb2 g4 60. hxg4+ Kxg4 61. Rb3 Rd2+ 62. Kg1 Re2 63. Kf1 Rh2 1/2-1/2